|
|
|
|
| LEADER |
00000nab a2200000 a 4500 |
| 001 |
vtls001502507 |
| 003 |
SK-MaSNL |
| 005 |
20260304140135.0 |
| 008 |
250505c2004 xo mr|p|||||||000 b|slo |
| 015 |
|
|
|a SNBRB2005/02
|2 snkbucl
|
| 035 |
|
|
|a (uuid)e3ed7afc-d80d-4538-8d8c-120f539e24f5
|
| 035 |
|
|
|a urn:nbn:sk:snk-ab9wvy
|
| 035 |
|
|
|a (urnnbn)urn:nbn:sk:snk:ar-a092vq
|
| 038 |
|
|
|a SNKBUCL
|
| 040 |
|
|
|a SNKBUCL
|b slo
|c SNKBUCL
|e AACR2
|
| 041 |
0 |
|
|a slo
|
| 044 |
|
|
|a xo
|c SK
|
| 080 |
|
|
|a 821.162.4-1
|2 1997
|
| 080 |
|
|
|a 784.66
|2 1997
|
| 100 |
1 |
|
|a Štepka, Stanislav,
|d 1944-
|4 aut
|9 88236
|
| 245 |
1 |
0 |
|a Hra o láske
|b (texty piesní z rovnomennej pripravovanej hry)
|c Stanislav Štepka
|
| 500 |
|
|
|a Blok obsahuje 5 textov
|
| 650 |
0 |
7 |
|a piesňové texty
|2 snkbucl
|9 81653
|
| 650 |
0 |
7 |
|a lyrické básne
|2 snkbucl
|9 30952
|
| 740 |
0 |
2 |
|a Ľúbim ťa
|
| 740 |
0 |
2 |
|a Nech sa ti sníva
|
| 740 |
0 |
2 |
|a Vyzleč ma
|
| 740 |
0 |
2 |
|a Žarty bokom
|
| 740 |
0 |
2 |
|a Chcem sa ti narodiť
|
| 773 |
0 |
|
|t RAK
|g Roč. IX, č. 11 (2004), s. 14-20
|x 1335-1702
|
| 850 |
|
|
|a Slovenská národná knižnica
|
| 852 |
|
|
|a Slovenská národná knižnica
|
| 958 |
|
|
|a article13
|
| 958 |
|
|
|a OND
|
| 958 |
|
|
|a LX
|
| 958 |
|
|
|a EUIPO
|
| 999 |
|
|
|c 2913849
|d 2915779
|